000 00436nam a22001577a 4500
003 MPLRDC
005 20220104144006.0
008 210129b ||||| |||| 00| 0 eng d
082 _a051.3 K1ZK 1969
100 _a特刊编辑委员会
245 _a雪兰莪尊孔国民型中学高中第廿七届毕业特刊
_c
260 _a
_b尊孔国中
_c1969
300 _b
650 _a学术纪要、学刊
942 _cBK
_o051.3 K1ZK 1969
999 _c45324
_d45314